Stories from American history : Teacher's manual
Сохранить в:
| Главный автор: | |
|---|---|
| Формат: | |
| Язык: | Undetermined |
| Опубликовано: |
Illinois
National Texbook Company
1999
|
| Предметы: | |
| Метки: |
Добавить метку
Нет меток, Требуется 1-ая метка записи!
|
| Thư viện lưu trữ: | Trung tâm Học liệu Trường Đại học Cần Thơ |
|---|
| LEADER | 00599nam a2200217Ia 4500 | ||
|---|---|---|---|
| 001 | CTU_109864 | ||
| 008 | 210402s9999 xx 000 0 und d | ||
| 020 | |c 21.88 | ||
| 082 | |a 428.24 | ||
| 082 | |b M679 | ||
| 100 | |a Mixon, Myrtis | ||
| 245 | 0 | |a Stories from American history : | |
| 245 | 0 | |b Teacher's manual | |
| 245 | 0 | |c Myrtis Mixon | |
| 260 | |a Illinois | ||
| 260 | |b National Texbook Company | ||
| 260 | |c 1999 | ||
| 650 | |a United states,English language | ||
| 650 | |x History,Study and teaching | ||
| 904 | |i Năm, Q. Hieu | ||
| 980 | |a Trung tâm Học liệu Trường Đại học Cần Thơ | ||